| 000 | 00409nam a2200133Ia 4500 | ||
|---|---|---|---|
| 008 | 171212s9999 xx 000 0 und d | ||
| 020 | _a9780874212662 | ||
| 100 | _aHassell, Hank | ||
| 245 |
_cHassell, Hank _aRainbow Bridge |
||
| 260 |
_bUniversity Press of Colorado _c1999 |
||
| 650 | _aBiological Sciences | ||
| 650 | _aRainbow Bridge (Utah) -- History | ||
| 856 | _uwww.jstor.org/stable/10.2307/j.ctt46nwq7 | ||
| 999 |
_c353156 _d353156 |
||